Knjige Biblije na hrvatskom - Statistics

General Stats
  • This quiz has been taken 43 times
  • The average score is 19 of 73
Answer Stats
Hint Answer % Correct
1 Postanak
82%
50 Ivan
70%
2 Izlazak
70%
49 Luka
70%
47 Matej
70%
48 Marko
67%
73 Otkrivenje
67%
23 Psalmi
64%
4 Brojevi
58%
3 Levitski zakonik
58%
34 Danijel
42%
30 Jeremija
39%
22 Job
39%
51 Djela apostolska
36%
29 Izaija
36%
5 Ponovljeni zakon
36%
8 Ruta
36%
7 Suci
36%
19 Estera
33%
57 Filipljanima
33%
24 Mudre Izreke
30%
52 Rimljanima
30%
37 Amos
27%
39 Jona
27%
63 Titu
27%
53 1 Korinčanima
24%
54 2 Korinčanima
24%
56 Efežanima
24%
33 Ezekijel
24%
72 Judina
24%
67 1 Petrova
21%
68 2 Petrova
21%
55 Galačanima
21%
66 Jakovljeva
21%
6 Jošua
21%
18 Judita
21%
26 Pjesma nad pjesmama
21%
69 1 Ivanova
18%
11 1 Kraljevi
18%
70 2 Ivanova
18%
12 2 Kraljevi
18%
71 3 Ivanova
18%
15 Ezra
18%
58 Kološanima
18%
9 1 Samuel
15%
10 2 Samuel
15%
35 Hošea
15%
61 1 Timoteju
12%
62 2 Timoteju
12%
64 Filomenu
12%
65 Hebrejima
12%
40 Mihej
12%
45 Zaharija
12%
59 1 Solunjanima
9%
60 2 Solunjanima
9%
32 Baruh
9%
42 Habakuk
9%
36 Joel
9%
46 Malahija
9%
27 Mudrosti
9%
16 Nehemija
9%
38 Obadija
9%
28 Sirah
9%
17 Tobija
9%
31 Tužaljke
9%
13 1 Ljetopisi
6%
20 1 Makabejci
6%
14 2 Ljetopisi
6%
21 2 Makabejci
6%
44 Hagaj
6%
41 Nahum
6%
25 Propovijednik
6%
43 Sefanija
3%
No matching quizzes found
Score Distribution
Percent of People with Each Score
Percentile by Number Answered
Your Score History
You have not taken this quiz